La globalización consecuencias humanas (Registro nro. 46079)

Detalles MARC
000 -ENCABEZADO
Número de control [NR] 00823nam a2200241Ia 4500
008 - DE LONGITUD FIJA DE DATOS DE ELEMENTOS - INFORMACIÓN GENERAL
Elementos de longitud fija [NR] 130821s2004 mx gr spa
020 ## - NUMERO INTERNACIONAL NORMALIZADO PARA LIBROS [R]
Número Internacional Normalizado del libro [NR] 968165210x
040 ## - FUENTE DE CATALOGACION [NR]
Agencia de catalogación original [NR] Co-BoUCM
Idioma de catalogación [NR] spa
041 00 - CODIGO DE IDIOMA [R]
Código de idioma para texto/pista de sonido o título separado [R] Español
100 1# - ASIENTO PRINCIPAL--NOMBRE PERSONAL [NR]
Nombre personal [NR] Bauman, Zygmunt
Fechas asociadas con el nombre [NR] 1925-
ID Autoridad 53406
245 13 - MENCION DE TITULO [NR]
Título [NR] La globalización consecuencias humanas
Mención de responsabilidad, etc. [NR] Zygmunt Bauman; traducción de Daniel Zadunaisky
250 ## - MENCION DE EDICION [NR]
Mención de edición [NR] 2a. Ed.
260 ## - PUBLICACION, DISTRIBUCION, ETC. (PIE DE IMPRENTA) [R]
Lugar de publicación, distribución, etc. [R] México D.F. (México)
Nombre del editor, distribuidor, etc. [R] Fondo de Cultura Económica
Fecha de publicación, distribución, etc. [R] 2004
300 ## - DESCRIPCION FISICA [R]
Extensión [R] 169 páginas
504 ## - NOTA DE BIBLIOGRAFIA, ETC. [R]
Nota de bibliografía, etc. [NR]
650 04 - ASIENTO SECUNDARIO DE MATERIA - TERMINO TEMATICO [R]
Término temático o nombre geográfico como elemento de entrada [NR] Cambio social
9 (RLIN) 10356
650 04 - ASIENTO SECUNDARIO DE MATERIA - TERMINO TEMATICO [R]
Término temático o nombre geográfico como elemento de entrada [NR] Globalización
Subdivisión de forma [R] Aspectos sociales
9 (RLIN) 216
650 04 - ASIENTO SECUNDARIO DE MATERIA - TERMINO TEMATICO [R]
Término temático o nombre geográfico como elemento de entrada [NR] Sociología
9 (RLIN) 386
700 1# - ASIENTO SECUNDARIO - NOMBRE PERSONAL [R]
Nombre personal [NR] Zadunaisky, Daniel
Término de relación [R]
9 (RLIN) 52033
765 10 - ASIENTO DE IDIOMA ORIGINAL [R]
Título [NR] Globalization
Edición [NR] the human consequences.
942 ## - ELEMENTOS DE ENTRADA AGREGADOS (KOHA)
Tipo de ítem principal el descrito en 300a Libro
Tema principal Sociología
Edición 2
Parte restante de la signatura top. B347g
Sistema de clasificación DEWEY
Clasificación 303.4
Existencias
Fecha de último préstamo Total préstamos Signatura topográfica Código de barras Última vez visto Volúmen / Fascículo Ejemplar Price effective from Tipo de ítem Perdido Sistema de clasificación Dañado No prestable Tipo de ítem específico Suprimido Ubicación habitual Ubicación actual Localización Fecha de creación Forma de adquisición Costo Total Renewals
07/03/2018 57 303.4 B347g 100072096 09/12/2025 2a. Ed. Ej.1 03/02/2013 Libro de reserva   DEWEY     Libro de reserva   Claustro Claustro 2do piso 28/02/2005 Compra 25000.00  
19/04/2023 82 303.4 B347g 100074263 09/12/2025 2a. Ed. Ej.2 03/02/2013 Libro   DEWEY     Libro   Claustro Claustro 2do piso 28/02/2005 Compra 20000.00 12